00629nam a2200181 a 450000100100000000500170001000800410002702000180006804000250008610000180011124000280012924501080015726000400026530000290030550000420033450000340037670000370041000004077520201002034353.0130906s2007 sp a 000 0 spa d a9788420637976 aDO-SdBNPbspacBNPHU1 aAsimov, Isaac10aThe UniverselEspañol13aEl Universo :bde la tierra plana a los quásares /cIsaac Asimov ; traductor Miguel Paredes Larrucea. aMadrid :bAlianza Editorial,c2007. a448 p. :bils. ;c18 cm. aIncluye notas al pie de las páginas aTraducido del idioma inglés1 aParedes Larrucea, Miguel,etrad.